|
|
|
|
| LEADER |
00590nam a22001577a 4500 |
| 082 |
|
|
|a 320.73
|b ZIN.A
|
| 100 |
|
|
|a Zink, Harold.
|
| 245 |
|
|
|a American government and politics :
|b national, state and local /
|c by Harold Zink, Howard R Penniman and Guy B Hathorn.
|
| 260 |
|
|
|a New York :
|b Prenceton,
|c 1958.
|
| 300 |
|
|
|a 446 p.
|
| 650 |
|
|
|a american politics
|
| 700 |
|
|
|a Penniman, Howard R.
|
| 700 |
|
|
|a Hathorn, Guy B.
|
| 942 |
|
|
|c BK
|
| 999 |
|
|
|c 311331
|d 311331
|
| 952 |
|
|
|0 0
|1 0
|4 0
|6 320_730000000000000_ZIN_A
|7 0
|8 NFIC
|9 332833
|a POL
|b POL
|c GEN
|d 2020-11-17
|l 0
|o 320.73 ZIN.A
|p POL7536
|r 2020-11-17
|w 2020-11-17
|y BK
|